| 000 | 00418nmm a2200157Ia 4500 | ||
|---|---|---|---|
| 008 | 251105s9999||||xx |||||||||||||||||und|| | ||
| 020 | _a9788416995097 | ||
| 041 | _aspa | ||
| 100 | _aAmin, Samir | ||
| 245 | 0 | _aOctubre 1917 | |
| 264 |
_a[Madrid, España] : _bEl Viejo Topo, _c2017 |
||
| 300 | _a88 páginas | ||
| 650 | _aHistory (General) | ||
| 856 | _uhttps://public.digitaliapublishing.com/a/57814 | ||
| 942 | _cCF | ||
| 999 |
_c78207 _d78207 |
||